LEADER 01062nam 2200385 450 001 990001023910203316 035 $a0102391 035 $aUSA010102391 035 $a(ALEPH)000102391USA01 035 $a0102391 100 $a20020308d--------km-y0itay0103----ba 101 $aita 102 $aIT 110 $aaga-------- 200 1 $aBollettino dell'Istituto del Dramma Antico 210 $aSiracusa 215 $av.$d24 cm 326 $aBimestrale 410 $12001 421 1$1001-------$12001 430 1$1001-------$12001 606 0 $aLetteratura drammatica greca$xperiodici 606 0 $aLetteratura drammatica latina$xperiodici 676 $a882 801 0$aIT$bsalbc$gISBD 912 $a990001023910203316 958 $aLM$cn.4-6 (1930) 959 $aSE 969 $aUMA 979 $aPATTY$b90$c20020308$lUSA01$h1449 979 $aPATTY$b90$c20020325$lUSA01$h1638 979 $c20020403$lUSA01$h1743 979 $aPATRY$b90$c20040406$lUSA01$h1711 996 $aBollettino dell'Istituto del Dramma Antico$9977311 997 $aUNISA LEADER 00909nam0-22002891i-450- 001 990006193380403321 005 19980601 035 $a000619338 035 $aFED01000619338 035 $a(Aleph)000619338FED01 035 $a000619338 100 $a19980601d1950----km-y0itay50------ba 105 $a--------00-yy 200 1 $a<>Administration de la Justice Internationale$fCharles Carabiber. 210 $aThe Hague$cMartinus Nijhoff$d(1950) 215 $a25 p.$d24 cm 300 $aThird International Conference of the Legal Profession. International Bar Association, London July, 1950 676 $a341.4 700 1$aCarabiber,$bCharles$0234764 801 0$aIT$bUNINA$gRICA$2UNIMARC 901 $aBK 912 $a990006193380403321 952 $aBUSTA 10 (5) 19$b59514$fFGBC 959 $aFGBC 996 $aAdministration de la Justice Internationale$9648829 997 $aUNINA DB $aGIU01